[Event "II. rocnik Poharu plk. gst. Aloise Parala"]
[Site "?"]
[Date "2024.04.20"]
[Round "2.5"]
[White "Rotrekl, Rostislav"]
[Black "Janicek, Jindrich"]
[Result "1-0"]
[BlackElo "2013"]
[WhiteElo "1885"]
[LiveChessVersion "1.4.8"]

1. d4 {[%clk 0:14:58]} Nf6 {[%clk 0:14:58]} 2. Bf4 {[%clk 0:14:56]} c5
{[%clk 0:14:54]} 3. c3 {[%clk 0:14:53]} Qa5 {[%clk 0:14:43]} 4. e3
{[%clk 0:14:47]} d6 {[%clk 0:14:38]} 5. Bd3 {[%clk 0:14:32]} Nbd7
{[%clk 0:14:27]} 6. Nf3 {[%clk 0:14:28]} g6 {[%clk 0:14:19]} 7. h3
{[%clk 0:14:24]} Bg7 {[%clk 0:14:17]} 8. O-O {[%clk 0:14:22]} O-O
{[%clk 0:14:13]} 9. Nbd2 {[%clk 0:14:11]} a6 {[%clk 0:14:06]} 10. Ne4
{[%clk 0:13:43]} Nxe4 {[%clk 0:13:35]} 11. Bxe4 {[%clk 0:13:42]} Nf6
{[%clk 0:13:30]} 12. Bc2 {[%clk 0:13:22]} Qc7 {[%clk 0:12:17]} 13. Qe2
{[%clk 0:12:51]} Re8 {[%clk 0:11:04]} 14. Rfd1 {[%clk 0:12:46]} b6
{[%clk 0:10:32]} 15. Rac1 {[%clk 0:12:20]} Bb7 {[%clk 0:10:25]} 16. b4
{[%clk 0:10:49]} Nd5 {[%clk 0:09:28]} 17. Bd3 {[%clk 0:10:04]} Nxf4
{[%clk 0:09:16]} 18. exf4 {[%clk 0:10:03]} Rec8 {[%clk 0:08:25]} 19. Be4
{[%clk 0:08:54]} Bxe4 {[%clk 0:08:08]} 20. Qxe4 {[%clk 0:08:53]} cxb4
{[%clk 0:07:43]} 21. cxb4 {[%clk 0:08:37]} Qxc1 {[%clk 0:07:26]} 22. Rxc1
{[%clk 0:08:36]} Rxc1+ {[%clk 0:07:24]} 23. Kh2 {[%clk 0:08:33]} Ra7
{[%clk 0:07:03]} 24. Qd3 {[%clk 0:07:55]} d5 {[%clk 0:06:43]} 25. Ne5
{[%clk 0:07:22]} e6 {[%clk 0:06:05]} 26. Qa3 {[%clk 0:06:54]} Bxe5
{[%clk 0:05:54]} 27. Qxc1 {[%clk 0:06:09]} Bxd4 {[%clk 0:05:53]} 28. Qc8+
{[%clk 0:05:56]} Kg7 {[%clk 0:05:49]} 29. f3 {[%clk 0:05:21]} Be3
{[%clk 0:05:42]} 30. Qb8 {[%clk 0:05:09]} Rd7 {[%clk 0:05:07]} 31. Qe5+
{[%clk 0:05:01]} Kf8 {[%clk 0:04:54]} 32. Qxe3 {[%clk 0:04:59]} d4
{[%clk 0:04:51]} 33. Qd3 {[%clk 0:04:57]} b5 {[%clk 0:04:48]} 34. g4
{[%clk 0:04:49]} Ke7 {[%clk 0:04:46]} 35. Kg3 {[%clk 0:04:45]} f6
{[%clk 0:04:43]} 36. h4 {[%clk 0:04:38]} e5 {[%clk 0:04:35]} 37. fxe5
{[%clk 0:04:35]} fxe5 {[%clk 0:04:33]} 38. h5 {[%clk 0:04:28]} gxh5
{[%clk 0:04:28]} 39. Qxh7+ {[%clk 0:04:16]} Kd6 {[%clk 0:04:26]} 40. Qg6+
{[%clk 0:04:10]} Kd5 {[%clk 0:04:18]} 41. Qe4+ {[%clk 0:03:58]} Ke6 42. gxh5 d3
{[%clk 0:03:54]} 43. Qg6+ {[%clk 0:03:01]} Ke7 {[%clk 0:03:45]} 44. Qg5+
{[%clk 0:02:53]} Ke6 {[%clk 0:03:40]} 45. Qd2 {[%clk 0:02:50]} Kf5
{[%clk 0:03:33]} 46. Kh4 {[%clk 0:02:30]} Rd4+ {[%clk 0:03:29]} 47. Kg3
{[%clk 0:02:21]} Kf6 {[%clk 0:03:25]} 48. Kf2 {[%clk 0:02:07]} Kf5
{[%clk 0:03:12]} 49. Ke3 {[%clk 0:01:50]} Kg5 {[%clk 0:02:43]} 50. Qxd3
{[%clk 0:01:42]} Rxd3+ {[%clk 0:02:35]} 51. Kxd3 {[%clk 0:01:41]} Kxh5 52. Ke4
1-0

[Event "II. rocnik Poharu plk. gst. Aloise Parala"]
[Site "?"]
[Date "2024.04.20"]
[Round "2.6"]
[White "Hrdlicka, Vladan"]
[Black "Moucka, Jiri"]
[Result "0-1"]
[BlackElo "1986"]
[WhiteElo "1894"]
[LiveChessVersion "1.4.8"]

1. e4 {[%clk 0:14:57]} c5 {[%clk 0:14:59]} 2. Nf3 {[%clk 0:14:55]} Nc6
{[%clk 0:14:58]} 3. Bb5 {[%clk 0:14:53]} g6 {[%clk 0:14:58]} 4. Bxc6
{[%clk 0:14:51]} dxc6 {[%clk 0:14:50]} 5. h3 {[%clk 0:14:49]} Bg7
{[%clk 0:14:45]} 6. d3 {[%clk 0:14:47]} e5 {[%clk 0:14:37]} 7. Nc3
{[%clk 0:14:41]} Ne7 {[%clk 0:14:32]} 8. Be3 {[%clk 0:14:37]} b6 {[%clk 0:14:30]}
9. Qd2 {[%clk 0:14:33]} h5 {[%clk 0:14:15]} 10. a3 {[%clk 0:14:11]} Qc7
{[%clk 0:13:54]} 11. O-O {[%clk 0:13:56]} f5 {[%clk 0:13:43]} 12. exf5
{[%clk 0:13:49]} Bxf5 {[%clk 0:13:32]} 13. Ne4 {[%clk 0:12:10]} O-O-O
{[%clk 0:13:24]} 14. Qe2 {[%clk 0:11:45]} Nd5 {[%clk 0:12:24]} 15. Bg5
{[%clk 0:10:55]} Rdf8 {[%clk 0:12:02]} 16. c4 {[%clk 0:09:45]} Nf4
{[%clk 0:11:40]} 17. Qd2 {[%clk 0:09:29]} Bxe4 {[%clk 0:11:17]} 18. dxe4
{[%clk 0:09:19]} Nxh3+ {[%clk 0:10:35]} 19. gxh3 {[%clk 0:07:56]} Rxf3
{[%clk 0:10:27]} 20. Kg2 {[%clk 0:07:48]} Rhf8 {[%clk 0:10:15]} 21. Rad1
{[%clk 0:07:44]} Qf7 {[%clk 0:09:48]} 22. Qd6 {[%clk 0:07:17]} Rxf2+
{[%clk 0:08:28]} 23. Rxf2 {[%clk 0:06:26]} Qxf2+ {[%clk 0:08:25]} 24. Kh1
{[%clk 0:06:22]} Qf3+ {[%clk 0:07:20]} 25. Kh2 {[%clk 0:06:08]} Kb7
{[%clk 0:06:15]} 26. Qd3 {[%clk 0:05:22]} Qf2+ {[%clk 0:06:09]} 27. Kh1
{[%clk 0:05:12]} Rf3 {[%clk 0:05:35]} 0-1

[Event "II. rocnik Poharu plk. gst. Aloise Parala"]
[Site "?"]
[Date "2024.04.20"]
[Round "2.7"]
[White "Rezny, Frantisek"]
[Black "Stepan, Petr"]
[Result "0-1"]
[BlackElo "1835"]
[WhiteElo "1690"]
[LiveChessVersion "1.4.8"]

1. e4 {[%clk 0:14:57]} e5 {[%clk 0:14:54]} 2. f4 {[%clk 0:14:56]} d5
{[%clk 0:14:45]} 3. exd5 {[%clk 0:14:53]} exf4 {[%clk 0:14:34]} 4. Nf3
{[%clk 0:14:45]} Qxd5 {[%clk 0:14:29]} 5. Nc3 {[%clk 0:14:43]} Qd8
{[%clk 0:14:23]} 6. Bc4 {[%clk 0:14:40]} Be7 {[%clk 0:13:50]} 7. O-O
{[%clk 0:14:37]} Nf6 {[%clk 0:13:48]} 8. d4 {[%clk 0:14:05]} Nc6 {[%clk 0:13:35]}
9. Bxf4 {[%clk 0:13:48]} O-O {[%clk 0:13:25]} 10. Bg5 {[%clk 0:13:30]} Bg4
{[%clk 0:13:00]} 11. d5 {[%clk 0:12:16]} Ne5 {[%clk 0:12:42]} 12. Be2
{[%clk 0:11:12]} Nxf3+ {[%clk 0:11:52]} 13. Bxf3 {[%clk 0:11:08]} Bxf3
{[%clk 0:11:40]} 14. Qxf3 {[%clk 0:10:58]} Nxd5 {[%clk 0:10:35]} 15. Bxe7
{[%clk 0:10:19]} Nxe7 {[%clk 0:10:34]} 16. Rad1 Qc8 {[%clk 0:10:15]} 17. Rfe1
{[%clk 0:10:11]} Ng6 {[%clk 0:09:48]} 18. Ne4 {[%clk 0:09:13]} c6
{[%clk 0:07:28]} 19. Re2 {[%clk 0:09:00]} Qc7 {[%clk 0:07:19]} 20. Rf1 Rad8 21.
Ref2 {[%clk 0:08:23]} Qb6 {[%clk 0:06:46]} 22. b3 {[%clk 0:08:00]} h6
{[%clk 0:06:42]} 23. Qg3 {[%clk 0:07:44]} Qd4 {[%clk 0:06:22]} 24. Qf3
{[%clk 0:06:58]} Rde8 {[%clk 0:06:15]} 25. Ng3 {[%clk 0:06:32]} Ne5
{[%clk 0:05:35]} 26. Qd1 {[%clk 0:05:41]} Qb6 {[%clk 0:05:26]} 27. Nf5
{[%clk 0:05:29]} Kh8 {[%clk 0:04:55]} 28. Kh1 {[%clk 0:05:22]} Rd8
{[%clk 0:04:47]} 29. Qa1 {[%clk 0:05:14]} Qc5 {[%clk 0:04:42]} 30. b4 Qd5
{[%clk 0:04:00]} 31. c4 {[%clk 0:04:57]} Qe6 {[%clk 0:03:42]} 32. Nd4
{[%clk 0:04:43]} Qxc4 {[%clk 0:03:31]} 33. Nf5 {[%clk 0:04:27]} Qe6
{[%clk 0:03:29]} 34. g4 {[%clk 0:04:21]} Qd5+ {[%clk 0:03:19]} 35. Kg1
{[%clk 0:04:07]} f6 {[%clk 0:02:46]} 36. Ne7 {[%clk 0:03:45]} Qd4
{[%clk 0:02:38]} 37. Qxd4 {[%clk 0:03:30]} Rxd4 {[%clk 0:02:37]} 38. h3
{[%clk 0:03:17]} Re8 {[%clk 0:02:31]} 39. Nf5 {[%clk 0:03:12]} Rxb4
{[%clk 0:02:28]} 40. Nxh6 {[%clk 0:03:00]} gxh6 {[%clk 0:02:24]} 41. Rxf6
{[%clk 0:02:58]} Kg7 {[%clk 0:02:02]} 42. R6f5 {[%clk 0:02:51]} Rb5
{[%clk 0:01:46]} 43. Re1 {[%clk 0:02:49]} Nf3+ {[%clk 0:01:44]} 0-1

[Event "II. rocnik Poharu plk. gst. Aloise Parala"]
[Site "?"]
[Date "2024.04.20"]
[Round "2.8"]
[White "Skaroupka, Petr"]
[Black "Kovacs, Ivan"]
[Result "1-0"]
[BlackElo "1687"]
[WhiteElo "1841"]
[LiveChessVersion "1.4.8"]

1. d4 {[%clk 0:14:56]} d5 {[%clk 0:14:58]} 2. c4 {[%clk 0:14:51]} dxc4
{[%clk 0:14:55]} 3. e4 {[%clk 0:14:45]} e6 {[%clk 0:14:54]} 4. Bxc4
{[%clk 0:14:38]} Bb4+ 5. Nc3 {[%clk 0:14:23]} Nf6 {[%clk 0:14:42]} 6. e5
{[%clk 0:12:46]} Nd5 {[%clk 0:14:34]} 7. Nge2 {[%clk 0:12:19]} O-O
{[%clk 0:14:28]} 8. O-O {[%clk 0:12:15]} Bxc3 {[%clk 0:14:13]} 9. bxc3
{[%clk 0:12:11]} c6 {[%clk 0:13:53]} 10. Qc2 {[%clk 0:11:43]} a5 {[%clk 0:13:40]}
11. Bd3 {[%clk 0:11:33]} g6 {[%clk 0:13:35]} 12. Bh6 {[%clk 0:11:16]} Re8
{[%clk 0:13:30]} 13. Qd2 {[%clk 0:10:50]} Qh4 {[%clk 0:13:12]} 14. Bg5
{[%clk 0:10:28]} Qh5 {[%clk 0:11:35]} 15. Ng3 {[%clk 0:10:24]} Qg4
{[%clk 0:11:23]} 16. h3 1-0

[Event "II. rocnik Poharu plk. gst. Aloise Parala"]
[Site "?"]
[Date "2024.04.20"]
[Round "3.1"]
[White "Buchnicek, Petr"]
[Black "Richterova, Natasa"]
[Result "0-1"]
[BlackElo "2084"]
[WhiteElo "2212"]
[LiveChessVersion "1.4.8"]

1. e4 {[%clk 0:14:58]} Nf6 {[%clk 0:14:48]} 2. Nc3 {[%clk 0:14:49]} e5
{[%clk 0:14:34]} 3. Bc4 {[%clk 0:14:40]} Bc5 {[%clk 0:14:29]} 4. d3
{[%clk 0:14:38]} d6 {[%clk 0:14:24]} 5. Bg5 {[%clk 0:14:26]} c6 {[%clk 0:14:21]}
6. Qf3 {[%clk 0:14:17]} Nbd7 {[%clk 0:13:52]} 7. O-O-O {[%clk 0:14:11]} h6
{[%clk 0:13:42]} 8. Be3 {[%clk 0:14:03]} b5 {[%clk 0:13:02]} 9. Bb3
{[%clk 0:13:58]} Qb6 {[%clk 0:12:43]} 10. Nge2 {[%clk 0:13:45]} Bxe3+
{[%clk 0:11:41]} 11. fxe3 {[%clk 0:13:41]} a5 {[%clk 0:11:33]} 12. a4
{[%clk 0:13:35]} Nc5 13. d4 {[%clk 0:13:22]} Nxb3+ {[%clk 0:10:51]} 14. cxb3
{[%clk 0:13:20]} bxa4 {[%clk 0:10:40]} 15. bxa4 {[%clk 0:13:15]} Rb8
{[%clk 0:10:37]} 16. Rd2 {[%clk 0:13:12]} O-O {[%clk 0:10:21]} 17. h3
{[%clk 0:12:54]} Ba6 {[%clk 0:10:15]} 18. Ng3 {[%clk 0:12:48]} Bc8
{[%clk 0:09:33]} 19. Nf5 {[%clk 0:12:34]} Bxf5 {[%clk 0:09:32]} 20. Qxf5
{[%clk 0:12:32]} c5 {[%clk 0:08:55]} 21. dxe5 {[%clk 0:11:46]} dxe5
{[%clk 0:08:42]} 22. Qxe5 {[%clk 0:11:35]} Rfe8 {[%clk 0:08:34]} 23. Qf4
{[%clk 0:10:55]} Qe6 {[%clk 0:08:27]} 24. Rf1 {[%clk 0:10:29]} Rb7
{[%clk 0:08:14]} 25. Rd6 {[%clk 0:09:52]} Qb3 {[%clk 0:06:26]} 26. Rf2
{[%clk 0:09:50]} Rb4 {[%clk 0:06:19]} 27. Rxf6 {[%clk 0:08:48]} gxf6
{[%clk 0:06:17]} 28. Nd5 {[%clk 0:08:46]} Rc4+ {[%clk 0:05:10]} 29. Kd2
{[%clk 0:07:42]} Rc2+ {[%clk 0:04:15]} 30. Ke1 {[%clk 0:06:45]} 0-1

[Event "II. rocnik Poharu plk. gst. Aloise Parala"]
[Site "?"]
[Date "2024.04.20"]
[Round "3.2"]
[White "Kulovana, Eva"]
[Black "Bures, Vit"]
[Result "1/2-1/2"]
[BlackElo "2182"]
[WhiteElo "2070"]
[LiveChessVersion "1.4.8"]

1. e4 {[%clk 0:14:57]} e5 {[%clk 0:15:00]} 2. Nf3 {[%clk 0:14:56]} Nc6
{[%clk 0:14:59]} 3. Bb5 {[%clk 0:14:54]} a6 {[%clk 0:14:59]} 4. Ba4
{[%clk 0:14:53]} Nf6 {[%clk 0:14:58]} 5. O-O {[%clk 0:14:50]} Be7
{[%clk 0:14:57]} 6. Bxc6 {[%clk 0:14:48]} dxc6 {[%clk 0:14:57]} 7. Qe1
{[%clk 0:14:45]} Be6 {[%clk 0:14:40]} 8. b3 {[%clk 0:14:19]} Nd7 {[%clk 0:14:07]}
9. Bb2 {[%clk 0:14:12]} Bf6 {[%clk 0:13:58]} 10. d3 {[%clk 0:13:56]} Qe7
{[%clk 0:13:33]} 11. Nbd2 {[%clk 0:13:53]} O-O-O {[%clk 0:13:31]} 12. Nc4
{[%clk 0:13:35]} Bg4 {[%clk 0:12:57]} 13. Qe3 {[%clk 0:13:18]} Kb8
{[%clk 0:12:57]} 14. a4 {[%clk 0:12:37]} Rhe8 {[%clk 0:12:17]} 15. Ba3
{[%clk 0:12:15]} Qe6 {[%clk 0:11:50]} 16. b4 {[%clk 0:11:18]} Be7
{[%clk 0:11:26]} 17. Rfb1 {[%clk 0:11:04]} f5 {[%clk 0:10:56]} 18. exf5
{[%clk 0:09:32]} Qxf5 {[%clk 0:10:45]} 19. Nfd2 {[%clk 0:08:51]} Bg5
{[%clk 0:10:13]} 20. Qe1 {[%clk 0:08:06]} Bxd2 {[%clk 0:09:05]} 21. Nxd2
{[%clk 0:08:03]} Nf6 {[%clk 0:07:38]} 22. f3 {[%clk 0:07:05]} Bh5
{[%clk 0:07:37]} 23. b5 {[%clk 0:06:48]} axb5 {[%clk 0:07:20]} 24. axb5
{[%clk 0:06:46]} Qd7 {[%clk 0:07:19]} 25. bxc6 {[%clk 0:04:50]} Qxc6
{[%clk 0:07:11]} 26. Nc4 {[%clk 0:04:45]} b6 {[%clk 0:05:50]} 27. Bc1
{[%clk 0:04:06]} Nd5 {[%clk 0:05:07]} 28. Ra6 {[%clk 0:02:50]} Bg6
{[%clk 0:03:47]} 29. Rba1 {[%clk 0:02:45]} e4 {[%clk 0:03:09]} 30. fxe4
{[%clk 0:02:37]} Bxe4 {[%clk 0:02:51]} 31. dxe4 {[%clk 0:02:29]} Qxc4
{[%clk 0:02:38]} 32. Ra8+ {[%clk 0:02:23]} Kb7 {[%clk 0:02:38]} 33. R1a7+
{[%clk 0:02:19]} Kc6 {[%clk 0:02:36]} 34. exd5+ {[%clk 0:02:18]} Kb5
{[%clk 0:02:15]} 35. Qxe8+ {[%clk 0:01:39]} Rxe8 {[%clk 0:02:11]} 36. Rxe8
{[%clk 0:01:38]} Qxc2 {[%clk 0:01:57]} 37. Be3 {[%clk 0:01:33]} Qb1+
{[%clk 0:01:44]} 38. Kf2 Qf5+ 39. Kg1 {[%clk 0:01:28]} Qb1+ {[%clk 0:01:19]} 40.
Kf2 {[%clk 0:01:27]} 1/2-1/2

[Event "II. rocnik Poharu plk. gst. Aloise Parala"]
[Site "?"]
[Date "2024.04.20"]
[Round "3.3"]
[White "Moucka, Jiri"]
[Black "Rotrekl, Rostislav"]
[Result "0-1"]
[BlackElo "1885"]
[WhiteElo "1986"]
[LiveChessVersion "1.4.8"]

1. e4 {[%clk 0:14:58]} c5 {[%clk 0:14:59]} 2. Nf3 {[%clk 0:14:58]} Nc6
{[%clk 0:14:58]} 3. d4 {[%clk 0:14:57]} cxd4 {[%clk 0:14:56]} 4. Nxd4
{[%clk 0:14:55]} Nf6 {[%clk 0:14:54]} 5. Nc3 {[%clk 0:14:54]} g6 {[%clk 0:14:52]}
6. Be3 {[%clk 0:14:47]} Bg7 {[%clk 0:14:49]} 7. f3 {[%clk 0:14:22]} O-O
{[%clk 0:14:46]} 8. h4 {[%clk 0:14:18]} d5 {[%clk 0:14:32]} 9. Nxc6
{[%clk 0:13:56]} bxc6 {[%clk 0:14:27]} 10. e5 {[%clk 0:13:00]} Nd7
{[%clk 0:14:18]} 11. f4 {[%clk 0:12:44]} e6 {[%clk 0:14:03]} 12. h5
{[%clk 0:12:42]} Qa5 {[%clk 0:13:43]} 13. hxg6 {[%clk 0:12:06]} fxg6
{[%clk 0:12:41]} 14. Qg4 {[%clk 0:11:15]} Nxe5 {[%clk 0:10:23]} 15. fxe5
{[%clk 0:10:57]} Bxe5 {[%clk 0:10:18]} 16. Bd3 {[%clk 0:10:31]} Bxc3+
{[%clk 0:09:22]} 17. bxc3 {[%clk 0:10:28]} Qxc3+ {[%clk 0:09:14]} 18. Ke2
{[%clk 0:10:25]} e5 {[%clk 0:08:31]} 19. Rxh7 {[%clk 0:10:16]} Bxg4#
{[%clk 0:08:25]} 0-1

[Event "II. rocnik Poharu plk. gst. Aloise Parala"]
[Site "?"]
[Date "2024.04.20"]
[Round "3.4"]
[White "Janicek, Jindrich"]
[Black "Skaroupka, Petr"]
[Result "1-0"]
[BlackElo "1841"]
[WhiteElo "2013"]
[LiveChessVersion "1.4.8"]

1. d4 {[%clk 0:14:54]} d5 {[%clk 0:14:59]} 2. c4 {[%clk 0:14:51]} e6
{[%clk 0:14:57]} 3. Nc3 {[%clk 0:14:45]} Nf6 {[%clk 0:14:54]} 4. Nf3
{[%clk 0:14:42]} Be7 {[%clk 0:14:46]} 5. cxd5 {[%clk 0:14:40]} exd5
{[%clk 0:14:43]} 6. Bf4 {[%clk 0:14:37]} c6 {[%clk 0:14:32]} 7. e3
{[%clk 0:14:35]} O-O {[%clk 0:14:20]} 8. Bd3 {[%clk 0:14:30]} Bg4
{[%clk 0:14:04]} 9. h3 {[%clk 0:14:27]} Bh5 {[%clk 0:13:52]} 10. Qc2
{[%clk 0:14:12]} Bg6 {[%clk 0:13:34]} 11. O-O {[%clk 0:13:23]} Bxd3
{[%clk 0:13:04]} 12. Qxd3 {[%clk 0:13:22]} Bd6 {[%clk 0:12:55]} 13. Ne5
{[%clk 0:13:04]} Qc7 {[%clk 0:11:39]} 14. Rac1 {[%clk 0:12:59]} a6
{[%clk 0:11:33]} 15. Qf5 {[%clk 0:12:42]} Qe7 {[%clk 0:10:01]} 16. Bg5
{[%clk 0:12:24]} Re8 {[%clk 0:08:48]} 17. f4 {[%clk 0:12:14]} Nbd7
{[%clk 0:06:42]} 18. Rce1 {[%clk 0:11:16]} g6 {[%clk 0:06:08]} 19. Qd3
{[%clk 0:11:11]} Qf8 {[%clk 0:04:23]} 20. e4 {[%clk 0:10:51]} h6 {[%clk 0:04:07]}
21. Bh4 {[%clk 0:10:36]} Qg7 {[%clk 0:03:16]} 22. Re2 {[%clk 0:09:56]} dxe4 23.
Rxe4 Nxe4 {[%clk 0:01:49]} 24. Nxe4 {[%clk 0:09:53]} Nxe5 {[%clk 0:01:23]} 25.
dxe5 {[%clk 0:09:37]} Be7 {[%clk 0:01:19]} 26. Bf6 {[%clk 0:09:19]} Qh7
{[%clk 0:01:15]} 27. Bxe7 {[%clk 0:09:10]} 1-0

[Event "II. rocnik Poharu plk. gst. Aloise Parala"]
[Site "?"]
[Date "2024.04.20"]
[Round "3.5"]
[White "Stepan, Petr"]
[Black "Svetly, Jiri"]
[Result "1/2-1/2"]
[BlackElo "1981"]
[WhiteElo "1835"]
[LiveChessVersion "1.4.8"]

1. d4 {[%clk 0:14:58]} Nf6 {[%clk 0:14:58]} 2. Nf3 {[%clk 0:14:56]} g6
{[%clk 0:14:53]} 3. c4 {[%clk 0:14:54]} Bg7 {[%clk 0:14:51]} 4. Nc3
{[%clk 0:14:53]} O-O {[%clk 0:14:47]} 5. e4 {[%clk 0:14:52]} d6 {[%clk 0:14:45]}
6. Be2 {[%clk 0:14:50]} e5 {[%clk 0:13:36]} 7. dxe5 {[%clk 0:14:46]} dxe5
{[%clk 0:13:35]} 8. Qxd8 {[%clk 0:14:43]} Rxd8 {[%clk 0:13:32]} 9. Bg5
{[%clk 0:14:31]} Re8 {[%clk 0:12:32]} 10. Nd5 {[%clk 0:13:58]} Nxd5
{[%clk 0:12:20]} 11. cxd5 {[%clk 0:13:57]} c6 {[%clk 0:10:50]} 12. Bc4
{[%clk 0:13:19]} cxd5 {[%clk 0:10:30]} 13. Bxd5 {[%clk 0:13:18]} h6
{[%clk 0:10:13]} 14. Be3 {[%clk 0:13:06]} Nd7 {[%clk 0:10:11]} 15. Bb3
{[%clk 0:12:51]} a6 {[%clk 0:09:20]} 16. O-O {[%clk 0:12:45]} Nf6
{[%clk 0:09:16]} 17. Nd2 {[%clk 0:12:25]} Be6 {[%clk 0:09:11]} 18. f3
{[%clk 0:12:16]} b5 {[%clk 0:08:27]} 19. Bxe6 {[%clk 0:11:07]} Rxe6
{[%clk 0:08:25]} 20. Nb3 {[%clk 0:11:01]} Rc6 {[%clk 0:08:09]} 21. Rac1
{[%clk 0:10:54]} Rac8 {[%clk 0:08:08]} 22. Rxc6 {[%clk 0:10:31]} Rxc6
{[%clk 0:08:06]} 23. Rc1 {[%clk 0:10:30]} Rxc1+ {[%clk 0:08:02]} 24. Bxc1
{[%clk 0:10:28]} Bf8 {[%clk 0:07:54]} 25. Be3 {[%clk 0:10:18]} Nd7
{[%clk 0:07:52]} 26. Kf2 f5 27. Ke2 {[%clk 0:09:20]} Kf7 {[%clk 0:07:46]} 28. Kd3
{[%clk 0:08:57]} Ke6 {[%clk 0:07:44]} 29. Bf2 {[%clk 0:08:27]} Kd6
{[%clk 0:07:31]} 30. Be3 {[%clk 0:08:11]} f4 {[%clk 0:07:23]} 31. Bf2
{[%clk 0:07:56]} g5 {[%clk 0:07:19]} 32. h3 {[%clk 0:07:42]} Be7 {[%clk 0:07:14]}
33. Ba7 {[%clk 0:07:13]} Bd8 {[%clk 0:07:10]} 34. Bf2 {[%clk 0:06:46]} Kc6
{[%clk 0:07:07]} 35. Be1 {[%clk 0:06:37]} Bb6 {[%clk 0:06:52]} 36. Na5+
{[%clk 0:06:24]} Bxa5 {[%clk 0:06:29]} 37. Bxa5 {[%clk 0:06:22]} Nc5+
{[%clk 0:06:28]} 38. Kd2 {[%clk 0:05:41]} Nb7 {[%clk 0:05:40]} 39. Bc3
{[%clk 0:05:39]} Kd6 {[%clk 0:05:34]} 40. Bb4+ {[%clk 0:05:37]} Ke6
{[%clk 0:05:14]} 41. Bf8 {[%clk 0:05:36]} h5 {[%clk 0:05:12]} 42. Kc3
{[%clk 0:05:28]} a5 {[%clk 0:04:45]} 43. b3 {[%clk 0:05:26]} 1/2-1/2

[Event "II. rocnik Poharu plk. gst. Aloise Parala"]
[Site "?"]
[Date "2024.04.20"]
[Round "3.8"]
[White "Kabat, Josef"]
[Black "Kures, Miroslav"]
[Result "1-0"]
[BlackElo "1653"]
[WhiteElo "1854"]
[LiveChessVersion "1.4.8"]

1. e4 {[%clk 0:14:56]} c5 {[%clk 0:14:59]} 2. Nf3 {[%clk 0:14:51]} Nc6
{[%clk 0:14:57]} 3. d4 {[%clk 0:14:49]} cxd4 {[%clk 0:14:55]} 4. Nxd4
{[%clk 0:14:47]} d6 {[%clk 0:14:50]} 5. c4 {[%clk 0:14:30]} e6 {[%clk 0:14:48]}
6. Nc3 {[%clk 0:14:26]} a6 {[%clk 0:14:46]} 7. f4 {[%clk 0:14:03]} Be7
{[%clk 0:14:44]} 8. Nf3 {[%clk 0:13:53]} Qc7 {[%clk 0:14:28]} 9. Be3
{[%clk 0:13:12]} Bf6 {[%clk 0:14:19]} 10. Qd2 {[%clk 0:12:55]} Nge7
{[%clk 0:14:08]} 11. Be2 {[%clk 0:12:52]} O-O {[%clk 0:13:56]} 12. O-O
{[%clk 0:12:32]} g6 {[%clk 0:12:53]} 13. Rac1 {[%clk 0:12:11]} e5
{[%clk 0:12:26]} 14. Nd5 {[%clk 0:11:50]} Nxd5 {[%clk 0:10:54]} 15. cxd5
{[%clk 0:11:45]} exf4 {[%clk 0:10:29]} 16. Bxf4 {[%clk 0:11:20]} Qb6+
{[%clk 0:09:47]} 17. Be3 {[%clk 0:11:18]} Qb4 {[%clk 0:08:20]} 18. dxc6
{[%clk 0:10:55]} Qxe4 {[%clk 0:07:36]} 19. Nd4 {[%clk 0:09:49]} Re8
{[%clk 0:06:20]} 20. Rxf6 {[%clk 0:08:39]} Qxe3+ {[%clk 0:06:09]} 21. Qxe3
{[%clk 0:08:36]} Rxe3 {[%clk 0:06:06]} 22. Rxd6 {[%clk 0:07:25]} bxc6
{[%clk 0:05:45]} 23. Kf2 {[%clk 0:06:49]} Re5 {[%clk 0:04:59]} 24. Nxc6
{[%clk 0:06:29]} Rf5+ {[%clk 0:04:53]} 25. Bf3 {[%clk 0:06:21]} Kg7
{[%clk 0:04:22]} 26. Ne7 {[%clk 0:06:09]} Rb5 {[%clk 0:03:31]} 27. Bxa8
{[%clk 0:05:37]} 1-0

[Event "II. rocnik Poharu plk. gst. Aloise Parala"]
[Site "?"]
[Date "2024.04.20"]
[Round "4.1"]
[White "Richterova, Natasa"]
[Black "Rotrekl, Rostislav"]
[Result "1-0"]
[BlackElo "1885"]
[WhiteElo "2084"]
[LiveChessVersion "1.4.8"]

1. e4 {[%clk 0:14:59]} c5 {[%clk 0:14:59]} 2. Nf3 {[%clk 0:14:58]} Nc6
{[%clk 0:14:57]} 3. Bb5 {[%clk 0:14:57]} d6 {[%clk 0:14:54]} 4. Bxc6+
{[%clk 0:14:56]} bxc6 {[%clk 0:14:53]} 5. O-O {[%clk 0:14:49]} e5
{[%clk 0:14:32]} 6. Re1 {[%clk 0:14:47]} Nf6 {[%clk 0:14:30]} 7. c3
{[%clk 0:14:46]} Be7 {[%clk 0:14:13]} 8. d4 {[%clk 0:14:41]} cxd4
{[%clk 0:14:09]} 9. cxd4 {[%clk 0:14:39]} exd4 {[%clk 0:13:40]} 10. Nxd4
{[%clk 0:14:36]} Bb7 {[%clk 0:13:22]} 11. Qa4 {[%clk 0:13:21]} O-O
{[%clk 0:12:32]} 12. Nxc6 {[%clk 0:13:12]} Bxc6 {[%clk 0:12:06]} 13. Qxc6
{[%clk 0:13:11]} Qa5 {[%clk 0:11:41]} 14. Nc3 {[%clk 0:12:45]} Rfc8
{[%clk 0:11:26]} 15. Qb5 {[%clk 0:12:07]} Qc7 {[%clk 0:10:52]} 16. Qe2
{[%clk 0:11:50]} Qc4 {[%clk 0:10:39]} 17. Bg5 {[%clk 0:11:12]} Rab8
{[%clk 0:10:21]} 18. Rac1 {[%clk 0:10:09]} Qxe2 {[%clk 0:09:56]} 19. Rxe2
{[%clk 0:10:07]} h6 {[%clk 0:09:52]} 20. Bf4 {[%clk 0:09:53]} Kf8
{[%clk 0:08:56]} 21. f3 {[%clk 0:09:51]} Rb7 {[%clk 0:08:10]} 22. Rd1
{[%clk 0:09:23]} Ne8 {[%clk 0:07:24]} 23. Red2 {[%clk 0:08:57]} Bf6
{[%clk 0:06:51]} 24. Na4 {[%clk 0:08:26]} Be5 {[%clk 0:06:23]} 25. Be3
{[%clk 0:08:14]} Rbc7 {[%clk 0:05:54]} 26. g3 {[%clk 0:06:20]} a6
{[%clk 0:05:46]} 27. Kf2 {[%clk 0:06:01]} Rc2 {[%clk 0:05:38]} 28. Ke2
{[%clk 0:05:52]} h5 {[%clk 0:04:39]} 29. Kd3 {[%clk 0:04:55]} Rxd2+
{[%clk 0:04:31]} 30. Bxd2 {[%clk 0:04:51]} g6 {[%clk 0:04:09]} 31. Rc1
{[%clk 0:04:28]} Rxc1 {[%clk 0:04:04]} 32. Bxc1 {[%clk 0:04:28]} Nc7
{[%clk 0:03:32]} 33. b3 {[%clk 0:04:14]} Ke7 {[%clk 0:03:23]} 34. f4
{[%clk 0:03:58]} Bg7 {[%clk 0:03:11]} 35. Kc4 {[%clk 0:03:54]} Kd7
{[%clk 0:03:04]} 36. Bb2 {[%clk 0:03:33]} Bf8 {[%clk 0:02:36]} 37. Nc3
{[%clk 0:03:19]} Kc6 {[%clk 0:02:33]} 38. a4 {[%clk 0:03:13]} Be7
{[%clk 0:02:21]} 39. b4 {[%clk 0:02:59]} Bf6 {[%clk 0:02:09]} 40. b5+
{[%clk 0:02:28]} axb5+ {[%clk 0:02:06]} 41. axb5+ {[%clk 0:02:27]} Nxb5
{[%clk 0:01:53]} 42. Nxb5 {[%clk 0:02:23]} Bxb2 {[%clk 0:01:50]} 43. Na7+
{[%clk 0:02:20]} Kd7 {[%clk 0:01:46]} 44. Kd5 {[%clk 0:02:19]} Ba3
{[%clk 0:01:40]} 45. Nb5 {[%clk 0:02:15]} Bc5 {[%clk 0:01:37]} 46. h3
{[%clk 0:02:07]} Bf2 {[%clk 0:01:33]} 47. g4 {[%clk 0:02:07]} Bg3
{[%clk 0:01:28]} 48. Nxd6 {[%clk 0:01:49]} Bxf4 {[%clk 0:01:22]} 49. Nxf7
{[%clk 0:01:47]} Ke7 {[%clk 0:01:19]} 50. Ne5 {[%clk 0:01:37]} Kf6
{[%clk 0:01:11]} 51. Nf3 {[%clk 0:01:37]} hxg4 {[%clk 0:01:10]} 52. hxg4
{[%clk 0:01:36]} Bg3 {[%clk 0:01:05]} 53. e5+ {[%clk 0:01:34]} Ke7
{[%clk 0:00:56]} 54. Nd4 {[%clk 0:01:31]} Bf2 {[%clk 0:00:51]} 55. Nc6+
{[%clk 0:01:27]} Kd7 {[%clk 0:00:48]} 56. e6+ {[%clk 0:01:24]} Ke8
{[%clk 0:00:47]} 57. Ke5 {[%clk 0:01:15]} Bg3+ {[%clk 0:00:43]} 58. Kf5 1-0